| 000 | 00893nam a2200145Ia 4500 | ||
|---|---|---|---|
| 008 | 231221s9999 xx 000 0 und d | ||
| 041 | _aEnglish | ||
| 082 | _aCPEC15-1081 | ||
| 100 | _aBhuvanesh, D. Manjunath Hegde. Manikandan, J. | ||
| 245 | 0 | _aDesign And Development Of A Mobile Wireless Video Streaming Mote | |
| 260 | _c2015 | ||
| 500 | _aDesign And Development Of A Mobile Wireless Video Streaming Mote Bhuvanesh D, Manjunath Hegde and Manikandan J Department of Telecommunication, PES Institute of Technology, Bangalore Crucible of Research and Innovation (CORI), PES University, Bangalore Department of ECE, PES University, Bangalore Email: manikandanj@pes.edu 5th IEEE Int. Conf. on Wireless Communications, Vehicular Technology, Information Theory and Aerospace and Electronic Systems, Hyderabad, December 2015 | ||
| 650 | _aWireless,Streaming,Mote | ||
| 942 | _cIR | ||
| 999 |
_c233606 _d233606 |
||